000 00597nam a2200193Ii 4500
003 JO-AjNU
008 230605s9999||||xx |||||||||||||| ||und||
040 _aJO-AjNU
_bara
_erda
_cJO-AjNU
041 _aara
050 1 4 _aPJ7541.S3545 1900
100 3 _aالسامرائي، إبراهيم,
_eauthor
_941817
245 0 0 _aفي لغة الشعر
264 3 1 _aعمان: دار الفكر، 1900
300 _a132ص
336 _atext
_btxt
_2rdacontent
337 _aunmediated
_bn
_2rdamedia
338 _avolume
_bnc
_2rdacarrier
650 4 _aالشعر العربي - لغة الشعر
_941818
999 _aA17859
_c21427
_d21427